Library Banner

واقعات درانی (Record no. 73078)

MARC details
000 -LEADER
fixed length control field 00411nam a22001457a 4500
005 - DATE AND TIME OF LATEST TRANSACTION
control field 20150612100052.0
008 - FIXED-LENGTH DATA ELEMENTS--GENERAL INFORMATION
fixed length control field 150612b xxu||||| |||| 00| 0 eng d
040 ## - CATALOGING SOURCE
Transcribing agency PK-LaUMT
082 ## - DEWEY DECIMAL CLASSIFICATION NUMBER
Classification number KHC 954.914309033
Item number ABD-W
100 ## - MAIN ENTRY--PERSONAL NAME
Personal name عبدالکریم
245 ## - TITLE STATEMENT
Title واقعات درانی
Statement of responsibility, etc عبدالکریم
260 ## - PUBLICATION, DISTRIBUTION, ETC. (IMPRINT)
Place of publication, distribution, etc لاہور
Name of publisher, distributor, etc پنجابی ادبی اکیڈمی
Date of publication, distribution, etc 1963
300 ## - PHYSICAL DESCRIPTION
Extent 228 ص
942 ## - ADDED ENTRY ELEMENTS (KOHA)
Koha item type Books
Holdings
Withdrawn status Lost status Damaged status Home library Current library Date acquired Full call number Barcode Date last seen Price effective from Koha item type
      UMT Main Campus UMT Main Campus 2015-06-12 KHC 954.914309033 ABD-W 84903 2018-08-17 2015-06-12 Books